| 000 | 00377nam a2200169Ia 4500 | ||
|---|---|---|---|
| 005 | 20250603145531.0 | ||
| 008 | 250603s9999 xx 000 0 und d | ||
| 050 | _aJA 66 .S65/ | ||
| 100 | _aSrivastava, L. N. | ||
| 245 | 0 | _aPolitical science theory | |
| 260 | _aDelhi | ||
| 260 | _bSBD Publishers | ||
| 260 | _c2007 | ||
| 300 | _a472 p | ||
| 650 | _aDelhi | ||
| 942 | _cBK | ||
| 999 |
_c42137 _d42137 |
||